Can You Name All Season 9 Hermitcraft Members - Statistics

General Stats
  • This quiz has been taken 790 times
  • The average score is 19 of 26
Answer Stats
Hint Answer % Correct
Waffle Grian
99%
Has their cat in Minecraft. GoodTimewithScar
96%
Redstone Genius Mumbo Jumbo
94%
Dog Rendog
83%
Canadian GeminiTay
82%
The Decked Out Keeper TangoTek
82%
Oldest Lets Play Series EthosLab
79%
Joe Mama JoeHills
76%
Fan of Cubs Cubfan135
75%
Blue Slime Boy iJevin
75%
Phasmophobia Pro ImpulseSV
75%
80's Jumpsuit ZombieCleo
75%
The Goat. (Literally) Docm77
74%
5:00 A.M PearlescentMoon
74%
Stress Stressmonster101
74%
XB xBCrafted
72%
Knight Welsknight
71%
Owner of Hermitcraft XisumaVoid
70%
Swedish Iskall85
69%
TCG VintageBeef
63%
Zoo Owner FalseSymmetry
62%
The True Hermit TinFoilChef
61%
City Skylines Pro Keralis
57%
Brother of Pungence BdoubleO100
56%
Hypno Hypnotizd
48%
Z.I.T.S. (Group Name) ZedaphPlays
47%
No matching quizzes found
Score Distribution
Percent of People with Each Score
Percentile by Number Answered
Your Score History
You have not taken this quiz